| 000 | 00625cam a2200181 a 4500 | ||
|---|---|---|---|
| 020 | _a0618258000 | ||
| 020 | _a0618260226 (pbk.) | ||
| 040 | _cIF9 | ||
| 082 | 0 | 0 | _a791 HOU 2002 A085 Or. |
| 100 | 1 | _aSibley, Brian. | |
| 245 | 1 | 4 |
_aThe lord of the rings : _bthe making of the movie trilogy / |
| 260 |
_aBoston : _bHoughton Mifflin Company, _cc2002. |
||
| 300 |
_a191 p. : _bill. ; _c29 cm. |
||
| 856 | 4 | 2 | _uhttp://www.loc.gov/catdir/description/hm031/2003266645.html |
| 856 | 4 | 1 | _uhttp://www.loc.gov/catdir/toc/hm031/2003266645.html |
| 856 | 4 | 2 | _uhttp://www.loc.gov/catdir/enhancements/fy0736/2003266645-b.html |
| 942 | _cEK | ||
| 999 |
_c12462 _d12462 |
||